000
00319nam a22001337a 4500
003
OSt
005
20170105103447.0
008
131204t xxu||||| |||| 00| 0 eng d
020
_a
978-0-323-04628-2
040
_c
ASAB
100
_a
Sharon W. Weiss
_9
410
245
_a
Enzinger & Weiss's Soft Tissue Tumors
942
_2
ddc
_c
BK
999
_c
16682
_d
16682